banner koha

Flora de importância polinífera para Apis mellifera (L.)na região de Viçosa, MG (Registro n. 230734)

MARC details
000 -LÍDER
campo de controle de tamanho fixo 01090nas a2200337 4500
001 - NÚMERO DE CONTROLE
campo de controle BR2013006598
003 - IDENTIFICADOR DO NÚMERO DE CONTROLE
campo de controle BR-BrBNA
005 - DATA E HORÁRIO DA ÚLTIMA TRANSAÇÃO
campo de controle 20231205122821.0
007 - CAMPO FIXO DE DESCRIÇÃO FÍSICA--INFORMAÇÃO GERAL
campo de controle de tamanho fixo ta
008 - CAMPO DE DADOS FIXOS--INFORMAÇÃO GERAL
campo de controle de tamanho fixo 230509b bl.|||p| |||| 00| 00por d
040 ## - FONTE DA CATALOGAÇÃO
Instituição da catalogação original BR-BrBNA
Idioma da catalogação por
Instituição que transcreveu o registro Biblioteca Nacional de Agricultura
041 ## - CÓDIGO DE IDIOMA
Código do idioma do texto/trilha sonora ou título diferente (Pt)
072 ## - CÓDIGO DE CATEGORIA DE ASSUNTO
Código de Categoria de Assunto F40
100 1# - ENTRADA PRINCIPAL--NOME PESSOAL
Nome pessoal Modro, A.F.H.
100 1# - ENTRADA PRINCIPAL--NOME PESSOAL
Nome pessoal Message, D.
100 1# - ENTRADA PRINCIPAL--NOME PESSOAL
Nome pessoal Luz, C.F.P. da
100 1# - ENTRADA PRINCIPAL--NOME PESSOAL
Nome pessoal Meira Neto, J.A.A.<br/>
245 1# - TÍTULO
Título Flora de importância polinífera para Apis mellifera (L.)na região de Viçosa, MG
246 1# - FORMA VARIANTE DO TÍTULO
Título/título abreviado Flora of polliniferous importance for Apis mellifera (L.)in the region of Viçosa, MG
650 ## - ASSUNTO--TERMO TÓPICO
Cabeçalho tópico ou nome geográfico APIS MELLIFERA
650 ## - ASSUNTO--TERMO TÓPICO
Cabeçalho tópico ou nome geográfico ABELHA
650 ## - ASSUNTO--TERMO TÓPICO
Cabeçalho tópico ou nome geográfico FLORA
650 ## - ASSUNTO--TERMO TÓPICO
Cabeçalho tópico ou nome geográfico PÓLEN
650 ## - ASSUNTO--TERMO TÓPICO
Cabeçalho tópico ou nome geográfico POLINIZAÇÃO
650 ## - ASSUNTO--TERMO TÓPICO
Cabeçalho tópico ou nome geográfico ECOLOGIA VEGETAL
650 ## - ASSUNTO--TERMO TÓPICO
Cabeçalho tópico ou nome geográfico <br/>
773 0# - ENTRADA ANALÍTICA
Título Revista Árvore (Brazil)
ISSN - International Standard Serial Number ISSN 0100-6762<br/>
Partes relacionadas (Sep-Oct 2011), v. 35(5) p. 1145-1153
Número de controle do registro BR2013006598
856 4# - LOCALIZAÇÃO ELETRÔNICA E ACESSO
Uniform Resource Identifier <a href="http://www.scielo.br/pdf/rarv/v35n5/a20v35n5.pdf">http://www.scielo.br/pdf/rarv/v35n5/a20v35n5.pdf</a>
Texto de ligação Recurso eletrônico (PDF)
909 ## -
-- 202311
-- Lúcia
-- 55
-- Lúcia Elande
942 ## - ELEMENTOS DE ENTRADA ADICIONADOS (KOHA)
Fonte da classificação ou esquema de arquivamento na estante Classificação AGRIS
Ocultar no OPAC Não
Tipo de material Koha Analítica
Exemplares
Situação do descarte Fonte da classificação ou esquema de arquivamento na estante Situação física Não pode ser emprestado Biblioteca de origem Biblioteca atual Localização na estante Enumeração do periódico / cronologia Total de empréstimos Data de último acesso Número do exemplar Tipo de material Koha Fonte de aquisição
  Classificação AGRIS   Consulta local Biblioteca Nacional de Agricultura - Binagri Biblioteca Nacional de Agricultura - Binagri   (Sep-Oct 2011), v. 35(5) p. 1145-1153   29/11/2023 01 Periódicos Portaria Interministerial nº 164/94

BINAGRI

Telefone: (61)3218-2567/2388/3357/2097 - binagri@agro.gov.br

Ministério da Agricultura e Pecuária , Esplanada dos Ministérios, Bloco D, Anexo B, Brasília/DF, CEP: 70.043-900